TV Show by Spin-offs - Statistics

General Stats
  • This quiz has been taken 53 times
  • The average score is 9 of 20
Answer Stats
Spinoff(s) Original Series % Correct
Joey Friends
95%
Young Sheldon, Georgie & Mandy's First Marriage The Big Bang Theory
79%
The Tortellis, Frasier Cheers
77%
The Cleveland Show Family Guy
72%
Better Call Saul Breaking Bad
70%
Big Bag, Sesame Park, Sésamo, Play with Me Sesame, Sesame Beginnings, Panwapa, The Furchester Hotel, Mecha Builders Sesame Street
63%
Maude, The Jeffersons, Archie Bunker's Place, Gloria, 704 Hauser All in the Family
60%
Angel Buffy the Vampire Slayer
56%
Rhoda, Phyllis, Lou Grant The Mary Tyler Moore Show
56%
Empty Nest, The Golden Palace The Golden Girls
49%
The Colbert Report, Last Week Tonight, The Nightly Show with Larry Wilmore, Full Frontal with Samantha Bee, The Opposition with Jordan Klepper The Daily Show
44%
Private Practice, A Corazón Abierto (Colombian TV series), A Corazón Abierto (Mexican TV series), Station 19 Grey's Anatomy
40%
Chicago P.D., Chicago Med, Chicago Justice Chicago Fire
37%
The Originals, Legacies The Vampire Diaries
28%
K-9 and Company, Torchwood, The Sarah Jane Adventures, Class Doctor Who
26%
Family Matters Perfect Strangers
21%
Chilling Adventures of Sabrina, Katy Keene Riverdale
21%
Millennium, The Lone Gunmen The X-Files
21%
KaBlam!, Kenan & Kel, The Amanda Show, The Nick Cannon Show, Zoey 101, Just Jordan All That
16%
Top of the Heap, Vinnie & Bobby Married... with Children
7%
No matching quizzes found
Score Distribution
Percent of People with Each Score
Percentile by Number Answered
Your Score History
You have not taken this quiz